| 000 | 00747cam a2200217 a 4500 | ||
|---|---|---|---|
| 020 | _a0340593261 (Arnold : pt. 1) | ||
| 020 | _a0470233826 (Halsted Press : pt. 1) | ||
| 020 | _a0340593253 (Arnold : pt. 2) | ||
| 020 | _a047023413X (Halsted Press : pt. 2) | ||
| 040 | _cDLC | ||
| 082 | 0 | 0 | _a519 HAL 1994 A059 Or. |
| 100 | 1 | _aKrzanowski, W. J. | |
| 245 | 1 | 0 | _aMultivariate analysis / |
| 260 |
_aLondon : _bE. Arnold ; _aNew York : _bHalsted Press, _cc1994-1995. |
||
| 300 |
_a2 v. : _bill. ; _c24-25 cm. |
||
| 650 | 0 | _aMultivariate analysis. | |
| 700 | 1 | _aMarriott, F. H. C. | |
| 856 | 4 | 2 | _uhttp://www.loc.gov/catdir/enhancements/fy0603/94035526-d.html |
| 856 | 4 | 1 | _uhttp://www.loc.gov/catdir/enhancements/fy0603/94035526-t.html |
| 942 | _cEK | ||
| 999 |
_c14626 _d14626 |
||